000 00540cam a22002171 4500
001 3117450
003 OSt
005 20160321111817.0
008 740606s1967 nyu 000 1 eng
010 _a 67022466
040 _aSEKU
050 0 0 _aPR 6052
_b.B7
100 1 _aBrunner, John,
_d1934-1995.
245 1 0 _aQuicksand.
250 _a[1st ed.]
260 _aGarden City, N.Y.,
_bDoubleday,
_c1967.
300 _a240 p.
_c22 cm.
490 0 _aDoubleday science fiction
655 7 _aScience fiction.
_2gsafd
942 _2lcc
_cGEN
999 _c12172
_d12172